| 000 | 00499nam a2200181 4500 | ||
|---|---|---|---|
| 001 | VA31657-658 | ||
| 003 | ES-SlBCS | ||
| 005 | 20210601153541.0 | ||
| 008 | 140520s1974 xxu||||| |||| 00| 0 spa d | ||
| 041 | _aspa | ||
| 100 | 1 |
_aBultmann, Rudolf _d, 1884-1976 _9119186 |
|
| 245 | 1 | 0 |
_aCreer y comprender _cRudolf Bultmann; Eloy Requena |
| 260 |
_aMadrid : _bStudium _c, 1974 |
||
| 300 |
_a292 , 250 p.; _c23 cm |
||
| 650 |
_aFe-Comprensión _9349248 |
||
| 700 | 1 | 0 |
_aRequena, Eloy _994473 |
| 942 | _cBK | ||
| 999 |
_c792680 _d792680 |
||